JD Vance Trivia - Statistics

General Stats
  • This quiz has been taken 27 times
    25 since last reset
  • The average score is 11 of 22
Answer Stats
Question Answer % Correct
What war did he serve in? Iraq
88%
What president is he the vice president under? Donald Trump
82%
What party is he affiliated with? Republican
82%
Where did he go to law school at? Yale university
82%
What state does he reside in Ohio
76%
How many kids does he have? 3
71%
What country does his wifes family come from India
71%
What sport is he a fan of? Football
65%
What is his best selling book titled? Hillbilly elegy
65%
What branch of the military did he serve in? Marine corps
59%
What is the name or his wife? Usha
59%
What did his mother suffer from as a child? Addiction
47%
Where city/town was JD Vance born Middletown
41%
What was his profession before becoming the vice president? Senator
41%
After his mom suffered from addiction who was he raised by grandma
35%
Where did he go to college to get his undergraduate degree? Ohio state university
35%
What is the name of his middle child? Vivik Vance
24%
What is the name of his youngest daughter? Arabella Vance
18%
What is the name of his mother Beverly vance
18%
What is the name of his oldest son? Ewan Vance
18%
Where did he meet his wife? Law school
12%
What did JD Vance do for a living before becoming a lawyer? Venture capitalist
12%
No matching quizzes found
Score Distribution
Percent of People with Each Score
Percentile by Number Answered
Your Score History
You have not taken this quiz since the last reset